01130nam a22002177a 450000500170000000800410001702000180005804100080007604400070008408200200009111102100011124502730032126000620059430000190065665000520067565000520072765000530077970000190083270000190085170000420087020160610123022.0120919s2009 ck fr 100 0 spa d a9789587250183 aspa ack04a333.9534bF727f aMarco legal y alternativas de aplicación a los trámites de permiso de investigación y acceso a recursos genéticos sobre diversidad, en áreas de influencia étnicacBogotá, colombiadmayo, 200900aForo marco legal y alternativas de aplicación a los trámites de permiso de investigación y acceso a recursos genéticos sobre diversidad, en áreas de influencia étnica. Estudio de casos. En ColombiacGabriel Ricardo Nemoga Soto, Adriana Lagos, Adriana Ortiz aBogotábUniversidad de Bogoá Jorge Tadeo Lozanoc2009 a130 p.c18 cm.17aDiversidad biológicaxLegislaciónzColombia17aDiversidad biológicaxInvestigacionesxNormas17aRecursos de germoplasmaxLegislaciónzColombia1 aLagos, Adriana1 aOrtiz, Adriana1 aNemogá Soto, Gabriel Ricardod1960-